| 000 | 01151nam a2200337 a 4500 | ||
|---|---|---|---|
| 999 |
_c10971 _d10971 |
||
| 001 | 10971 | ||
| 003 | BD-JhCC | ||
| 005 | 20191212134008.0 | ||
| 008 | 190609s2018 nyua j 001 0 eng d | ||
| 020 | _a9781465454287 (pbk.) | ||
| 020 | _a1465454284 | ||
| 035 | _a(BD-JhCC)10971 | ||
| 040 |
_aYDXCP _cYDXCP _dBTCTA _dOCLCQ _dBDX _dVTL _dOCLCO _dDLC _dBD-JhCC |
||
| 041 | _aeng | ||
| 050 | 0 | 0 |
_aQB501.3 _b.C78 2016 |
| 082 | 0 | 4 |
_a523.2 _223 _bCUR 2018 |
| 100 | 1 |
_aCruddas, Sarah, _d1984- |
|
| 245 | 1 | 0 |
_aSolar system / _cauthor and consultant ; Sarah Cruddas. |
| 250 | _aFirst American edition. | ||
| 260 |
_aNY, NY : _bDK Publishing, _c2018. |
||
| 300 |
_a64 p. : _bill. (chiefly col.) ; _c25 cm. |
||
| 490 | 1 | _aDK findout! | |
| 500 | _a"What do you want to find out? Fun facts, amazing pictures, quizzes"--Cover. | ||
| 500 | _aIncludes index. | ||
| 520 | _aIntroduces the solar system, discussing the planets, space exploration, and what is beyond its borders.-- | ||
| 650 | 0 |
_aAstronomy _vJuvenile literature. |
|
| 650 | 1 | _aAstronomy. | |
| 651 | 0 |
_aSolar system _vJuvenile literature. |
|
| 651 | 1 | _aSolar system. | |
| 942 |
_2ddc _cBK _02 |
||